000 00292nam a22001337a 4500
008 170126b xxu||||| |||| 00| 0 eng d
020 _a9781560536086
041 _aeng
080 _22ND
_a61
100 _a3
101 _aSHM
245 _aUSMLE STEP 2 SECRETS
_cBROCHERT, A
942 _2udc
_cBK
999 _c3808
_d3808